1150 1651 1487 1013 1889 1453 1011 1369 1371 1477 1546 1292 1591 1802 1828 1628 1699 1956 1958 1737 1183 1546 1815 1820 1859 1917 1067 1306 1992 1400 1750 1797 1306 1635 1722 1110 1562 1099 1571 1562 1217 1835 1686 1943 1249 1498 1371 1448 1047 1942 1455 1674 1708 1392 1693 1709 1432 1194 1684 1797 1480 1933 1589 1529 1463 1405 1522 1935 1853 1508 1281 1455 1760 1832 1786 1378 1923 1117 1691 1146 1116 1072 1632 1868 1334 1029 1594 1329 1132 1798 1790 1184 1486 1223 1948 1331 1922 1702 1410 BCNSPRNW ULIB Ver.6.0+V

เปลี่ยนเป็นภาษาไทย

Change to English
 แสดงรายละเอียดบรรณานุกรม
  กลับหน้าหลัก

Brief Record : Get Marc (ISO 2709) : E-mail record : QR code < ปิดหน้าต่าง
LEADER : 00000nam 2200000uu 4500
001    13399108408
003     ULIB
008    110303s2552||||th 000 0 tha d
020    9786117183171
060 04 WM105^bธ395ส 2552
100 0  ธวัชชัย กฤษณะประกร
245 10 สมาธิบำบัดทางจิตเวชศาสตร์และสุขภาพจิต =^bMeditationtherapy in psychiatry and mental health /^cธวัชชัย กฤษณะประกรกิจ, สมจิตร์ หร่องบุตรศรี, ผ่องพรรณ กฤษณะประกรกิจ
250    พิมพ์ครั้งที่ 1
260    ขอนแก่น :^bคณะแพทยศาสตร์ มหาวิทยาลัยขอนแก่น,^c2552
300    271 หน้า :^bภาพประกอบ ;^c30 ซม.
536    ทุนส่งเสริมการผลิตตำรา มหาวิทยาลัยขอนแก่น ลำดับที่ 2
650  7 จิตเวชศาสตร์
650  7 สมาธิภาวนา^xการใช้รักษา
650  7 สุขภาพจิต
700 0  สมจิตร์ หร่องบุตรศรี
700 0  ผ่องพรรณ กฤษณะประกรกิจ
710 2  มหาวิทยาลัยขอนแก่น.^bคณะแพทยศาสตร์
945    ^p250^l0^i028136
945    ^p250^l0^i028135
945    ^p250^l0^i028134
945    ^p250^l0^i028137
995    ทศพร
999 ^a ใช้งานได้ทุกระบบ
รายการนี้ยังไม่มีแท็ก
คุณยังไม่ได้ล็อกอิน คุณสามารถมีกิจกรรมร่วมกับเว็บไซต์ได้ แต่ต้องล็อกอินก่อน ::
  ล็อกอิน

รายการสื่อสารสนเทศ

ลำดับที่ ประเภท เลขเรียก/บาร์โค้ด สถานที่ สถานะ
- ไม่พบข้อมูล -

รายการใกล้เคียง
    ผู้แต่ง [ธวัชชัย กฤษณะประกร]

    หัวเรื่อง [จิตเวชศาสตร์]
    หัวเรื่อง [สุขภาพจิต]

BibComment


ยังไม่เคยถูกคอมเมนท์

คอมเมนท์ทรัพยากรรายการนี้
  คอมเมนท์: สมาธิบำบัดทางจิตเ..


 Copyright 2026. Bcnsprnw @Library